| 000 | 00574cam a22002171 4500 | ||
|---|---|---|---|
| 001 | sa 63000306 | ||
| 003 | DLC | ||
| 005 | 20260227111920.0 | ||
| 008 | 890621s1962 ii a 000 0 gujo | ||
| 010 | _asa 63000306 | ||
| 035 | _a(OCoLC)19906204 | ||
| 040 |
_aDLC _cWaU _dDLC |
||
| 050 | 0 | 0 |
_aGR305 _b.A25 |
| 100 | 1 |
_aAcharya, Gunvantrai Popatbhai, _d1902-1965. |
|
| 245 | 1 | 0 | _aDhanya dharaṇī Gujarāta. |
| 260 | _c[1962] | ||
| 300 |
_a125 p. _billus. _c19 cm. |
||
| 500 | _aIn Gujarati. | ||
| 650 | 0 |
_aGujaratis (Indic people) _xFolklore. |
|
| 650 | 0 |
_aTales _zIndia. |
|
| 999 |
_c53402 _d53402 |
||